Estudios penitenciarios. Por Francisco J. Herboso, Comisionado por el supremo gobierno para estudiar en Europa la organización de las cárceles y el sistema penitenciario, y Miembro del Consejo superior de prisiones

Gespeichert in:
Bibliographische Detailangaben
1. Verfasser: Herboso, Francisco Javier (VerfasserIn)
Format: Buch
Sprache:Spanisch
Veröffentlicht: Santiago Imprenta Ercilla, Bandera 21 K 1892
Ausgabe:1a. ed
Schlagworte:
Tags: Tag hinzufügen
Keine Tags, Fügen Sie den ersten Tag hinzu!

MARC

LEADER 00000nam a2200000 a 4500
001 UCJ7962
003 CL-VaPUC
008 070124e18920801CL |||||||||||||||||spa|d
082 0 4 |a 365  |b HER  |2 21 
100 0 |a Herboso, Francisco Javier  |e author  |9 516540 
245 1 0 |a Estudios penitenciarios. Por Francisco J. Herboso, Comisionado por el supremo gobierno para estudiar en Europa la organización de las cárceles y el sistema penitenciario, y Miembro del Consejo superior de prisiones 
250 |a 1a. ed 
300 |a 516 p 
942 |c BK 
945 |d 20070124 00:00:00  |a rinostro 
260 |a Santiago  |b Imprenta Ercilla, Bandera 21 K  |c 1892 
650 0 |a Cárceles   |9 372952 
650 7 |a DERECHO PENAL  |2 CL-VaPUC  |9 11 
650 0 |a Derecho comparado  |9 255664 
583 |a last modification  |c 20070124 00:00:00  |k Rodrigo Vera 
999 |c 323822  |d 323820 
952 |0 0  |1 0  |4 0  |6 365_000000000000000_HER_1892  |7 0  |8 X  |9 403642  |a FDOBUD  |b FDOBUD  |d 2019-11-22  |i 1070894  |o 365 HER 1892  |p 1070894  |r 2019-11-22  |w 2019-11-22  |y BK_X  |k BUD